Foreigners in The Netherlands by Country of Birth - Statistics

General Stats
  • This quiz has been taken 1,783 times
  • The average score is 17 of 24
Answer Stats
Hint Answer % Correct
368,512 Germany
97%
81,860 United Kingdom
97%
115,028 Belgium
96%
39,595 France
92%
38,955 Spain
90%
396,414 Turkey
90%
123,003 Poland
89%
35,736 United States
89%
44,105 Italy
87%
64,097 China
85%
374,996 Morocco
80%
372,233 Indonesia
79%
26,932 India
78%
23,613 Portugal
78%
348,291 Suriname
69%
54,159 Iraq
66%
36,561 Iran
64%
20,997 Brazil
62%
22,205 Egypt
59%
43,183 Afghanistan
46%
21,153 Bulgaria
46%
37,432 Somalia
35%
22,556 Ghana
23%
21,714 Cape Verde
6%
No matching quizzes found
Score Distribution
Percent of People with Each Score
Percentile by Number Answered
Your Score History
You have not taken this quiz